000 00316nam a2200133Ia 4500
008 221030s9999 xx 000 0 und d
041 _aEnglish
082 _a105.23
100 _aG. Jones
245 0 _aOrganizational Theory Design & Change Text & cases
_cby G. Jones
260 _c0
650 _aMb
942 _cBK
999 _c11482
_d11482